[Event "Amber-blind 5th"]
[Site "Monte Carlo"]
[Date "1996.??.??"]
[Round "8"]
[White "Ljubojevic, Ljubomir"]
[Black "Lautier, Joel"]
[Result "1/2-1/2"]
[WhiteElo "2600"]
[BlackElo "2630"]

1.c4 c5 2.Nf3 Nf6 3.Nc3 Nc6 4.g3 d5 5.cxd5 Nxd5 6.Bg2 Nc7 7.d3 e5 8.O-O Be7
9.Nd2 Bd7 10.Nc4 f6 11.f4 b5 12.Ne3 exf4 13.gxf4 Rb8 14.a4 a6 15.axb5 axb5
16.Ned5 O-O 17.Nxc7 Qxc7 18.Nd5 Qd8 19.Be3 Kh8 20.Bf2 Re8 21.Rc1 Nd4 22.e3 Nc6
23.e4 c4 24.dxc4 bxc4 25.Rxc4 Rxb2 26.Qc1 Na5 27.Rc7 Rb7 28.Qc3 Rxc7 29.Nxc7 Bb4
30.Qxb4 Qxc7 31.Bb6 Nc6 32.Bxc7 Nxb4 33.Rd1 Bg4 34.Rd2 Rc8 35.Bd6 Nc6 36.Rc2 Nd4
37.Rxc8+ Bxc8 38.Kf2 Bb7 39.Bc5 Ne6 40.Be3 Kg8 41.f5 Nf8 42.Kf3 Kf7 43.Bf1 Nd7
44.h4 Ne5+ 45.Kf4 g6 46.Bd4 Nc6 47.Bc4+ Kg7 48.Bc3 gxf5 49.Kxf5 Bc8+ 50.Kf4 h5
51.Be2 Kg6 52.Bd3 Kg7 53.Be2 Kg6 54.Bb5 Bd7 55.Bc4 Nd8 56.Bd3 Ne6+ 57.Ke3 Kg7
58.e5 fxe5 59.Bxe5+ Kf7 60.Be2 Kg6 61.Bd3+ Kf7 62.Bc2 Nf8 63.Bd1 Bg4  1/2-1/2

[Event "Yerevan ol (Men)"]
[Site "Yerevan"]
[Date "1996.??.??"]
[Round "2"]
[White "Atlas, Valeri"]
[Black "Lautier, Joel"]
[Result "0-1"]
[WhiteElo "2470"]
[BlackElo "2620"]

1.e4 c5 2.Nf3 e6 3.d4 cxd4 4.Nxd4 Nf6 5.Nc3 Nc6 6.g3 Qb6 7.Nb3 Bb4 8.Be3 Qd8
9.Bd2 d5 10.exd5 Nxd5 11.Ne4 O-O 12.Bg2 b6 13.O-O Ba6 14.Re1 Rc8 15.Rc1 Be7
16.h4 h6 17.Nc3 Bf6 18.Nxd5 exd5 19.Qg4 Kh8 20.Bc3 Bxc3 21.bxc3 Bc4 22.Qf4 Qc7
23.Qf5 Rce8 24.Nd4 Nxd4 25.cxd4 Rxe1+ 26.Rxe1 Bxa2 27.Bxd5 Bxd5 28.Qxd5 Qxc2
29.Qd6 Rc8 30.Qd7 Kg8 31.d5 a5 32.d6 Kh7 33.Qxf7 Rd8 34.Re7 Qg6 35.Qxg6+ Kxg6
36.h5+ Kf6 37.Rb7 Rxd6 38.Rc7 Rd1+ 39.Kg2 Rd6 40.Kf3  0-1

[Event "Yerevan ol (Men)"]
[Site "Yerevan"]
[Date "1996.??.??"]
[Round "11"]
[White "Sitanggang, Salor"]
[Black "Lautier, Joel"]
[Result "1-0"]
[WhiteElo "2410"]
[BlackElo "2620"]

1.c4 e5 2.Nc3 d6 3.Nf3 f5 4.d4 e4 5.Ng5 c6 6.Nh3 Na6 7.a3 Nf6 8.Bg5 Nc7 9.e3 Ne6
10.Bxf6 Qxf6 11.g3 Be7 12.Rc1 O-O 13.d5 Nd8 14.Nf4 Nf7 15.h4 Ne5 16.Be2 Bd7
17.Kf1 Qf7 18.Kg2 g6 19.Qd2 Rfc8 20.Rhd1 c5 21.Rh1 a6 22.a4 Rab8 23.Ra1 Bd8
24.a5 b6 25.axb6 Rxb6 26.Ra2 Rcb8 27.Qc2 Bc8 28.Rha1 Rb4 29.Nd1 Bf6 30.Ne6 Bxe6
31.dxe6 Qxe6 32.Rxa6 Nxc4 33.Bxc4 Rxc4 34.Qd2 Be7 35.Ra8 Rf8 36.Nc3 Rb4 37.Nd5 Rb7
38.Rxf8+ Bxf8 39.Ra8 Qe5 40.Nf4 Rxb2 41.Ne6 Kf7 42.Ng5+ Kg8 43.Qa5 Qe7 44.Qa6 Rd2
45.Qc8 f4 46.gxf4 Rd5 47.Qc6 Rf5 48.Re8 Qf6 49.Nxe4 Qxh4 50.Qxd6 Qg4+ 51.Ng3 Rf7
52.Qxc5 h5 53.Qg5 Qxg5 54.fxg5 Rc7 55.Re6 Kf7 56.Rf6+ Kg7 57.Ra6 Be7 58.f4 Rc3
59.Kf3 Bc5 60.Nf1 h4 61.Ra2 Rc1 62.Nh2 Rh1 63.Rc2 Bb6 64.Rb2 Bc5 65.Re2 Bb6
66.Kg2 Rb1 67.Ng4 Bc5 68.Kf3 Rg1 69.Rg2 Rf1+ 70.Ke4 Bb4 71.Rb2 Bc3 72.Rc2 Rg1
73.Rxc3 Rxg4 74.Kf3 Rg3+ 75.Kf2 Rh3 76.Rc4  1-0

[Event "Yerevan ol (Men)"]
[Site "Yerevan"]
[Date "1996.??.??"]
[Round "14"]
[White "Nikolaidis, Ioannis"]
[Black "Lautier, Joel"]
[Result "0-1"]
[WhiteElo "2585"]
[BlackElo "2620"]

1.Nf3 c5 2.c4 Nf6 3.g3 d5 4.cxd5 Nxd5 5.Bg2 Nc6 6.Nc3 Nc7 7.d3 e5 8.O-O Be7
9.Nd2 Bd7 10.Nc4 f6 11.f4 b5 12.Ne3 exf4 13.Nf5 b4 14.Nxe7 Qxe7 15.Ne4 fxg3
16.Bf4 Ne5 17.Rc1 Ne6 18.Bxe5 fxe5 19.e3 gxh2+ 20.Kh1 h5 21.Qf3 Bc6 22.Qf5 Rh6
23.Nf6+ Rxf6 24.Bxc6+ Kf8 25.Qxe5 Rd8 26.Qxh5 Kg8 27.Rxf6 Qxf6 28.Bd5 g6
29.Bxe6+ Qxe6 30.Qxc5 Rxd3 31.Qc8+ Qxc8 32.Rxc8+ Kf7 33.Kxh2 Rxe3 34.Ra8 Re7
35.Kg3 Kf6 36.Rf8+ Kg5 37.Rb8 Re3+ 38.Kf2 Re4 39.Rb5+ Kf4 40.Ra5 Rc4 41.b3 Rc2+
42.Ke1 g5 43.Rxa7 g4 44.Rf7+ Ke3 45.Re7+ Kf3 46.Rf7+ Kg2 47.Rf4 g3 48.Rxb4 Kf3
49.Rb8 Re2+ 50.Kd1 g2 51.Rf8+ Ke3 52.Re8+ Kd3 53.Rd8+ Kc3 54.Kxe2 g1=Q 55.Rd3+ Kb2
56.Rd2+ Kc1 57.Rd3 Qg2+ 58.Ke3 Qxa2 59.Kd4 Qa5 60.Rh3 Qb4+ 61.Ke5 Qg4 62.Re3 Kd2
63.Re4 Qg3+ 64.Kf5 Qxb3 65.Rd4+ Ke3 66.Re4+ Kd3 67.Re7 Qd5+ 68.Kf6 Kd4 69.Ra7 Qd8+
70.Kf5 Kd5 71.Kg4 Qc8+ 72.Kf3 Qc3+ 73.Kg2 Qd2+  0-1

[Event "FRA-chT9697 final"]
[Site "Clichy"]
[Date "1997.05.03"]
[Round "10"]
[White "Lautier, Joel"]
[Black "Renet, Olivier"]
[Result "1-0"]
[WhiteElo "2630"]
[BlackElo "2505"]

1.d4 Nf6 2.c4 g6 3.Nc3 Bg7 4.e4 d6 5.f3 O-O 6.Bg5 c5 7.d5 e6 8.Qd2 exd5 9.cxd5 a6
10.a4 h6 11.Bf4 Ne8 12.Be2 Qe7 13.g4 Nd7 14.Nh3 Rb8 15.Nf2 Kh7 16.O-O Nc7
17.Kg2 Ne5 18.Bg3 b5 19.axb5 Nxb5 20.f4 Nd7 21.Nxb5 axb5 22.Bf3 Qd8 23.Rae1 Re8
24.Nd3 Nb6 25.e5 dxe5 26.Nxe5 Nc4 27.Qf2 Bb7 28.Nxf7 Qd7 29.Ne5 Nxe5 30.fxe5 Bxd5
31.e6 Bxe6 32.Bxb8 Rxb8 33.Qxc5 Rc8 34.Qe3 Bxg4 35.Bxg4 Qxg4+ 36.Kh1 Rc2
37.Qe4 Qxe4+ 38.Rxe4 Bxb2 39.Rf7+ Kg8 40.Rb7 Rc8 41.Re6 Kf8 42.Rxg6 Be5 43.Rxh6 b4
44.h4 Rc4 45.Kg2 b3 46.Ra6 Rc2+ 47.Kf3 Ra2 48.Re6  1-0

[Event "Berliner Sommer"]
[Site "Berlin"]
[Date "1997.??.??"]
[Round "2"]
[White "Gullaksen, Eirik T"]
[Black "Lautier, Joel"]
[Result "0-1"]
[WhiteElo "2320"]
[BlackElo "2660"]

1.e4 c5 2.Nf3 d6 3.d4 cxd4 4.Nxd4 Nf6 5.Nc3 a6 6.Be3 e5 7.Nb3 Be6 8.f3 Nbd7
9.g4 h6 10.Qd2 Be7 11.h4 b5 12.O-O-O Nb6 13.Qf2 Rb8 14.Nc5 Bc8 15.Nd3 Nc4
16.Nb4 Nxe3 17.Qxe3 Bb7 18.Kb1 Nd7 19.Qf2 Nc5 20.Ncd5 O-O 21.g5 h5 22.Bh3 a5
23.Nxe7+ Qxe7 24.Nd5 Bxd5 25.Rxd5 b4 26.Rhd1 Rb6 27.Qd2 Nb7 28.Qe3 Qc7 29.f4 exf4
30.Qxf4 Re8 31.g6 fxg6 32.Qg5 Qf7 33.Rf1 Rxe4 34.b3 Qe8 35.Qg1 Nc5 36.Rg5 Rb8
37.Rxg6 Qe7 38.Bg2 Re5 39.Qd4 a4 40.Qd2 axb3 41.axb3 Kh7 42.Qxd6 Re1+ 43.Kb2 Nd3+
44.Ka2 Qa7+ 45.Qa6 Qd4 46.Rh6+ Kg8 47.c3 Re2+ 48.Kb1 bxc3  0-1

[Event "Berliner Sommer"]
[Site "Berlin"]
[Date "1997.??.??"]
[Round "5"]
[White "Vasilevich, Tatjana"]
[Black "Lautier, Joel"]
[Result "1/2-1/2"]
[WhiteElo "2390"]
[BlackElo "2660"]

1.d4 Nf6 2.c4 e6 3.Nc3 Bb4 4.g3 c5 5.Nf3 cxd4 6.Nxd4 O-O 7.Bg2 d5 8.Qb3 Bxc3+
9.Qxc3 e5 10.Nb3 Nc6 11.Bg5 d4 12.Qd2 h6 13.Bxf6 Qxf6 14.O-O Bf5 15.Rad1 Rfd8
16.Bd5 Be6 17.e4 Bh3 18.f4 Bxf1 19.Rxf1 Ne7 20.fxe5 Qxe5 21.Bxf7+ Kh8 22.Qf4 Qxf4
23.gxf4 b5 24.Nc5 Rac8 25.b4 bxc4 26.Bxc4 d3 27.Kf2 a5 28.a3 axb4 29.axb4 d2
30.Rd1 Rd4 31.Be6 Rc6 32.Ke3 Rxb4 33.Nd3 Rb8 34.f5 Rd8 35.Rxd2 Rcd6 36.Bc4 g6
37.Rf2 gxf5 38.Ne5 Rf8 39.Nf7+ Rxf7 40.Bxf7 fxe4  1/2-1/2

[Event "Berliner Sommer"]
[Site "Berlin"]
[Date "1997.??.??"]
[Round "6"]
[White "Lautier, Joel"]
[Black "Lamoureux, Charles"]
[Result "1-0"]
[WhiteElo "2660"]
[BlackElo "2375"]

1.d4 Nf6 2.c4 g6 3.Nc3 Bg7 4.e4 d6 5.f4 O-O 6.Nf3 c5 7.d5 e6 8.Be2 exd5 9.cxd5 Re8
10.e5 dxe5 11.fxe5 Ng4 12.O-O Nxe5 13.Bf4 Nbd7 14.d6 Rb8 15.Kh1 Nxf3 16.Rxf3 Ne5
17.Re3 Bf5 18.Nb5 Nd7 19.Re7 Ne5 20.Rxe8+ Qxe8 21.Nxa7 c4 22.Qd5 Be6 23.Qa5 Bd7
24.Re1 b6 25.Qd2 b5 26.a4 bxa4 27.Bf1 Kh8 28.Qd4 f6 29.Bxc4 Rb4 30.Bxe5 fxe5
31.Qe4 Rxb2 32.Bd5 h6 33.Bc6 Qf8 34.Bxd7  1-0

[Event "Berliner Sommer"]
[Site "Berlin"]
[Date "1997.??.??"]
[Round "9"]
[White "Lautier, Joel"]
[Black "Bajarany, Ilgar"]
[Result "1-0"]
[WhiteElo "2660"]
[BlackElo "2405"]

1.c4 Nf6 2.Nc3 c6 3.e4 d5 4.cxd5 cxd5 5.e5 d4 6.exf6 dxc3 7.bxc3 gxf6 8.d4 e6
9.Bd3 Nd7 10.Qf3 Qa5 11.Ne2 Ba3 12.Bd2 Bb2 13.Rb1 Qxa2 14.O-O Ba3 15.Qe3 Be7
16.c4 Qa3 17.c5 a6 18.Bb4 Qa4 19.Nc3 Qc6 20.Rfe1 Nb8 21.d5 Qd7 22.Ne2 Qd8
23.d6  1-0

[Event "BL2-W9798"]
[Site "Germany"]
[Date "1997.??.??"]
[Round "?.1"]
[White "Lautier, Joel"]
[Black "Klovans, Janis"]
[Result "1-0"]
[WhiteElo "2660"]
[BlackElo "2465"]

1.d4 d5 2.c4 e6 3.Nc3 Nf6 4.cxd5 exd5 5.Bg5 Nbd7 6.e3 Be7 7.Bd3 O-O 8.Nge2 Re8
9.O-O c6 10.Qc2 Nf8 11.f3 Nh5 12.Bxe7 Rxe7 13.Qd2 Be6 14.b4 Nf6 15.Kh1 Qd6
16.a3 Rd8 17.Rad1 Qc7 18.Rc1 Qb8 19.Na4 Bd7 20.Nc5 Ne6 21.Nb3 Nf8 22.Bb1 Ne8
23.Ng3 Nd6 24.e4 Nc4 25.Qa2 Ng6 26.e5 Nf4 27.Rce1 g6 28.Nd2 b5 29.Nxc4 dxc4
30.Qd2 Ne6 31.Qh6 Rf8 32.Nf5 gxf5 33.Bxf5  1-0

[Event "Amber-blind 6th"]
[Site "Monte Carlo"]
[Date "1997.??.??"]
[Round "4"]
[White "Shirov, Alexei"]
[Black "Lautier, Joel"]
[Result "1/2-1/2"]
[WhiteElo "2690"]
[BlackElo "2630"]

1.e4 c5 2.Nf3 d6 3.d4 cxd4 4.Nxd4 Nf6 5.Nc3 a6 6.Be3 e5 7.Nb3 Be6 8.f3 Nbd7
9.g4 h6 10.h4 b5 11.Rg1 b4 12.Nd5 Bxd5 13.exd5 Nb6 14.Qd3 Nfxd5 15.O-O-O Be7
16.g5 hxg5 17.hxg5 g6 18.f4 Qc7 19.Bxb6 Nxb6 20.f5 gxf5 21.Qxf5 Qd7 22.Qf2 Qc7
23.g6 fxg6 24.Rxg6 Rf8 25.Qg2 Ra7 26.Na5 Qc5 27.Nb7 Qe3+ 28.Kb1 Qf3 29.Nxd6+ Bxd6
30.Rgxd6 Qxg2 31.Bxg2 Nc4 32.Re6+ Re7 33.Rxa6 Ne3 34.Ra8+ Kf7 35.Bd5+ Nxd5
36.Rxf8+ Kxf8 37.Rxd5 Kf7 38.Rb5 e4 39.Kc1 e3 40.Kd1 Re4 41.Ke2 Ke6 42.b3 Kd6
43.Rf5 Re8 44.Rf4 Rc8 45.Rd4+ Ke5 46.Kxe3 Rc3+ 47.Rd3 Rxc2 48.Rd2  1/2-1/2

[Event "Amber-rapid 6th"]
[Site "Monte Carlo"]
[Date "1997.??.??"]
[Round "4"]
[White "Lautier, Joel"]
[Black "Shirov, Alexei"]
[Result "0-1"]
[WhiteElo "2630"]
[BlackElo "2690"]

1.e4 e5 2.Nf3 Nc6 3.Bb5 a6 4.Ba4 Nf6 5.O-O Bc5 6.c3 b5 7.Bb3 d6 8.d4 Bb6
9.h3 O-O 10.Re1 Bb7 11.Be3 exd4 12.cxd4 Na5 13.d5 Nxb3 14.axb3 c6 15.dxc6 Bxc6
16.Nbd2 Re8 17.Qb1 Ba5 18.Bd4 Bb4 19.Qd3 Qe7 20.Re3 Nxe4 21.Rc1 Bb7 22.Nf1 d5
23.Ng3 f6 24.Ne2 Rac8 25.Rd1 Qc7 26.Nc3 Kf8 27.Rde1 Bd6 28.R3e2 Qf7 29.Nd1 Qg6
30.Nh4 Qh5 31.Nf3 Rc7 32.Ne3 Rce7 33.Bb6 Ng5 34.Nxg5 Qxg5 35.Bd4 Qf4 36.g3 Qe4
37.Qd1 h5 38.h4 Bc8 39.Ng2 Qg4 40.Re3 Qxd1 41.Rxd1 Rc7 42.Rxe8+ Kxe8 43.Ne3 Be6
44.Bb6 Rc6 45.Ba5 Be5 46.Nxd5 Bxb2 47.Nb4 Rc8 48.Nxa6 Bg4 49.Re1+ Kd7 50.Bb6 Rc1
51.Rxc1 Bxc1 52.Bd4 Kd6 53.Kf1 Ba3 54.b4 Kd5 55.Bc5 Kc4 56.Bf8 g6 57.Be7 Bb2
58.Nb8 Bc3 59.Nc6 Bf3 60.Na5+ Kd3 61.Nb3 Kc2 62.Na5 f5 63.Bd6 Kb2 64.Bc7 Bxb4
65.Bb6 Bc3 66.Bd8 Kc2 67.Bb6 Kb2 68.Bd8 Kc2 69.Bb6 Bd5 70.Ke2 b4 71.Ke3 Be5
72.Bd4 Bc7  0-1

[Event "Amber-rapid 6th"]
[Site "Monte Carlo"]
[Date "1997.??.??"]
[Round "6"]
[White "Lautier, Joel"]
[Black "Karpov, Anatoly"]
[Result "0-1"]
[WhiteElo "2630"]
[BlackElo "2760"]

1.e4 c6 2.d4 d5 3.e5 Bf5 4.Nc3 e6 5.g4 Bg6 6.Nge2 Ne7 7.Nf4 c5 8.h4 cxd4
9.Nb5 Nec6 10.h5 Be4 11.f3 Bxf3 12.Qxf3 Nxe5 13.Qg3 Nbc6 14.Nd3 Nxd3+ 15.Bxd3 e5
16.O-O Bc5 17.h6 g6 18.Qf2 Qd7 19.Kh1 a6 20.Nc3 Rf8 21.Na4 Ba7 22.b3 Qxg4
23.Ba3 Qh5+ 24.Kg1 Qg5+ 25.Qg2 Qxg2+ 26.Kxg2 e4 27.Bxf8 Kxf8 28.Be2 f5 29.Rad1 b5
30.Nb2 Nb4 31.Rd2 Rc8 32.Bd1 Nxa2 33.Bg4 Ke7 34.Bxf5 gxf5 35.Rxf5 e3 36.Re2 Nc1
37.Re1 Rxc2+ 38.Kh3 Ke6 39.Rg5 e2 40.Rg7 d3 41.Nxd3 Nxd3 42.Rxe2+ Rxe2 43.Rxa7 Kf5
44.Rxh7 Re3+ 45.Kg2 Kg6 46.Ra7 Kxh6 47.Rxa6+ Kg5 48.Ra5 Nf4+  0-1

[Event "Amber-blind 6th"]
[Site "Monte Carlo"]
[Date "1997.??.??"]
[Round "8"]
[White "Anand, Viswanathan"]
[Black "Lautier, Joel"]
[Result "1-0"]
[WhiteElo "2765"]
[BlackElo "2630"]

1.e4 c5 2.Nf3 d6 3.d4 cxd4 4.Nxd4 Nf6 5.Nc3 a6 6.Be3 e5 7.Nf3 Be7 8.Bc4 O-O
9.O-O Be6 10.Bb3 Re8 11.Nh4 g6 12.Nf3 Nbd7 13.Qe2 b5 14.Rfd1 Qc7 15.Bg5 b4
16.Nd5 Nxd5 17.Bxd5 Bxd5 18.Rxd5 Bxg5 19.Nxg5 Nf6 20.Rdd1 h6 21.Nf3 Qc6 22.Qd2 Nxe4
23.Qxh6 Qxc2 24.Qe3 Qc6 25.Rac1 Qb7 26.h4 Re6 27.Ng5 Nxg5 28.hxg5 d5 29.Rd3 d4
30.Qh3 Rc8 31.Re1 Qe7 32.Qh4 Qf8 33.Rh3 Qg7 34.Qe4 Rd6 35.Qd3 Rdc6 36.Re4 f6
37.Qb3+ Rc4 38.gxf6 Qxf6 39.Reh4 a5 40.Kh2 Rc7 41.Qa4 R4c6 42.Qxa5 g5 43.Qd5+  1-0

[Event "Amber-rapid 6th"]
[Site "Monte Carlo"]
[Date "1997.??.??"]
[Round "8"]
[White "Lautier, Joel"]
[Black "Anand, Viswanathan"]
[Result "1/2-1/2"]
[WhiteElo "2630"]
[BlackElo "2765"]

1.d4 Nf6 2.c4 e6 3.Nc3 Bb4 4.e3 c5 5.Ne2 cxd4 6.exd4 O-O 7.a3 Be7 8.d5 exd5
9.cxd5 Bc5 10.Nd4 d6 11.Be2 a6 12.O-O Nbd7 13.Bg5 Re8 14.b4 Ba7 15.Rc1 h6
16.Bh4 Nf8 17.h3 Bd7 18.Bg3 Rc8 19.Bf3 Qb6 20.Nb3 Ng6 21.Na5 Ne5 22.Be2 Qd4
23.Qb3 Nd3 24.Bxd3 Qxd3 25.Bxd6 Bd4 26.Na2 Qxb3 27.Nxb3 Bb2 28.Rxc8 Rxc8
29.Nc5 Bxa3 30.Rb1 a5 31.Rb3 axb4 32.Nxd7 Nxd7 33.Nxb4 Bxb4 34.Rxb4 Rc1+
35.Kh2 Rd1 36.Rxb7 Nf6  1/2-1/2

[Event "Amber-blind 6th"]
[Site "Monte Carlo"]
[Date "1997.??.??"]
[Round "9"]
[White "Lautier, Joel"]
[Black "Topalov, Veselin"]
[Result "0-1"]
[WhiteElo "2630"]
[BlackElo "2725"]

1.c4 e5 2.Nc3 Nf6 3.Nf3 Nc6 4.g3 Bc5 5.Bg2 d6 6.d3 h6 7.O-O a6 8.a3 O-O 9.b4 Ba7
10.Bb2 Bg4 11.h3 Be6 12.Rc1 Qd7 13.Kh2 Ne7 14.e3 Ng6 15.Ne2 c6 16.Qc2 Rad8
17.e4 b5 18.cxb5 cxb5 19.Qc6 Qc8 20.Qc7 Qa8 21.Qc6 Qc8 22.Qc7 Qb8 23.Qxb8 Bxb8
24.Rc6 d5 25.exd5 Bxd5 26.Rxa6 Bxf3 27.Bxf3 Rxd3 28.Ng1 h5 29.Rd1 Rb3 30.Rd2 h4
31.Bd1 hxg3+ 32.fxg3 Rxg3 33.Rxf6 e4 34.Rxg6 fxg6 35.Kh1 Rf1 36.Bd4 e3 37.Bb3+ Kh7
38.Rg2 Rxh3+  0-1

[Event "Amber-rapid 6th"]
[Site "Monte Carlo"]
[Date "1997.??.??"]
[Round "9"]
[White "Topalov, Veselin"]
[Black "Lautier, Joel"]
[Result "1-0"]
[WhiteElo "2725"]
[BlackElo "2630"]

1.d4 d5 2.c4 dxc4 3.e3 Nf6 4.Bxc4 e6 5.Nf3 c5 6.O-O a6 7.Bb3 b5 8.a4 b4 9.Nbd2 Bb7
10.e4 cxd4 11.e5 Nfd7 12.Nc4 Nc6 13.Bg5 Qc7 14.Rc1 Bc5 15.Nxd4 Ndxe5 16.Nxe5 Qxe5
17.Nf3 Qd6 18.Qc2 Ba7 19.Rfd1 Qc7 20.Qe4 O-O 21.Bf4 Qb6 22.Be3 Qa5 23.Ng5 Qf5
24.Qxf5 exf5 25.Bxa7 Rxa7 26.Nxf7 Na5 27.Be6 Ba8 28.Rc5 Nc6 29.Ne5+ Kh8 30.Nxc6 Rc7
31.Rxf5  1-0

[Event "Amber-blind 6th"]
[Site "Monte Carlo"]
[Date "1997.??.??"]
[Round "10"]
[White "Ljubojevic, Ljubomir"]
[Black "Lautier, Joel"]
[Result "1/2-1/2"]
[WhiteElo "2570"]
[BlackElo "2630"]

1.d4 d5 2.Nf3 e6 3.Bf4 Nf6 4.e3 c5 5.c3 Nc6 6.Nbd2 Bd6 7.Bg3 O-O 8.Bd3 b6
9.Qe2 Qc7 10.O-O Bxg3 11.hxg3 e5 12.e4 exd4 13.exd5 dxc3 14.bxc3 Re8 15.Bxh7+ Kxh7
16.Qd3+ Kg8 17.dxc6 Qxc6 18.Rfe1 Bb7 19.Nc4 Rad8 20.Qc2 Re4 21.Nce5 Qe6 22.Rxe4 Bxe4
23.Qa4 Bxf3 24.Nxf3 Qd7 25.Qb3 Qd5 26.Qa4 Qd7 27.Qb3 Qd5 28.Qa4 Qb7 29.Re1 Rd3
30.Ne5 b5 31.Qf4 Rd8 32.g4 Qc7 33.g5 Nh7 34.g6 fxg6 35.Nxg6 Qxf4 36.Nxf4 Nf6
37.f3 Rd2 38.Re5 Rxa2 39.Rxc5 a6 40.Rc8+ Kh7 41.Rc7 a5 42.Ne6 Re2 43.Rxg7+ Kh6
44.Nd4 Kxg7 45.Nxe2 Nd5 46.Kf2 a4 47.Ke1 a3 48.Nc1 Nxc3 49.Kd2 a2 50.Nb3 Na4
51.Kc2 Nc5 52.Na1 b4 53.Kb2 b3 54.Nxb3 Nxb3 55.Kxa2  1/2-1/2

[Event "SWZ-chT9697"]
[Site "SWZ"]
[Date "1997.??.??"]
[Round "?"]
[White "Huebner, Robert"]
[Black "Lautier, Joel"]
[Result "1/2-1/2"]
[WhiteElo "2600"]
[BlackElo "2630"]

1.d4 Nf6 2.Nf3 e6 3.g3 d5 4.Bg2 Be7 5.O-O O-O 6.c4 dxc4 7.Qc2 a6 8.a4 Bd7
9.Ne5 Bc6 10.Nxc6 Nxc6 11.e3 Na5 12.Nd2 c5 13.dxc5 Rc8 14.b4 cxb3 15.Nxb3 Nxb3
16.Qxb3 Nd7 17.Ba3 Nxc5 18.Bxc5  1/2-1/2

[Event "Ubeda"]
[Site "Ubeda"]
[Date "1997.??.??"]
[Round "2"]
[White "Jussupow, Artur"]
[Black "Lautier, Joel"]
[Result "0-1"]
[WhiteElo "2665"]
[BlackElo "2630"]

1.d4 d5 2.Nf3 e6 3.c4 dxc4 4.e3 Nf6 5.Bxc4 c5 6.O-O a6 7.Bb3 b5 8.a4 b4 9.Nbd2 Bb7
10.a5 Be7 11.Nc4 Nbd7 12.Nfe5 O-O 13.Qe2 Qc7 14.Bd2 Bd5 15.Nxd7 Nxd7 16.e4 Bxc4
17.Qxc4 Qb7 18.d5 Ne5 19.Qe2 c4 20.Bxc4 Nxc4 21.Qxc4 exd5 22.exd5 Rfd8 23.Rfc1 Rxd5
24.Be1 Re5 25.Rc2 Bc5 26.Re2 Rae8 27.Rxe5 Rxe5 28.Bd2 Rf5 29.Rf1 h6 30.h4 Rd5
31.Qe4 Qb5 32.Be3 Bxe3 33.fxe3 Re5 34.Qa8+ Re8 35.Qa7 f6 36.Rd1 Qe2 37.Qd4 Rxe3
38.Rf1 Re4 39.Qd5+ Kh8 40.Qf5 Qe3+ 41.Rf2 Rc4 42.b3 Qxb3 43.Re2 Qd1+ 44.Kf2 Qd4+  0-1

[Event "Ubeda"]
[Site "Ubeda"]
[Date "1997.??.??"]
[Round "3"]
[White "Lautier, Joel"]
[Black "Illescas Cordoba, Miguel"]
[Result "1/2-1/2"]
[WhiteElo "2630"]
[BlackElo "2635"]

1.e4 c6 2.c4 d5 3.cxd5 cxd5 4.exd5 Nf6 5.Nc3 Nxd5 6.Nf3 Nc6 7.d4 Bg4 8.Qb3 Bxf3
9.gxf3 Nb6 10.Be3 e6 11.Rg1 g6 12.O-O-O Be7 13.d5 exd5 14.Nxd5 Nxd5 15.Rxd5 Qc7
16.Kb1 O-O 17.f4 Rad8 18.Bg2 Bf6 19.Rc1 Rxd5 20.Qxd5 Rd8 21.Qb5 a6 22.Qa4 Rd6
23.Be4 Qd7 24.Qb3 Kg7 25.Qc4 Nd4 26.Rd1 b5 27.Qc5 Qe6 28.Bf3  1/2-1/2

[Event "Ubeda"]
[Site "Ubeda"]
[Date "1997.??.??"]
[Round "5"]
[White "Lautier, Joel"]
[Black "Leko, Peter"]
[Result "1-0"]
[WhiteElo "2630"]
[BlackElo "2600"]

1.e4 c5 2.Nf3 d6 3.d4 cxd4 4.Nxd4 Nf6 5.Nc3 e6 6.g3 Nc6 7.Bg2 Bd7 8.O-O Be7
9.Be3 O-O 10.Qe2 Qc7 11.Ndb5 Qb8 12.a4 b6 13.f4 Rd8 14.g4 a6 15.Na3 Be8 16.g5 Nd7
17.Rf3 Nc5 18.Rh3 g6 19.Rf1 Bd7 20.Qg4 h5 21.Qh4 Bf8 22.Bf3 Bg7 23.Bxh5 gxh5
24.Qxh5 Ne7 25.f5 exf5 26.exf5 Bxf5 27.Nd5 Nxd5 28.Rxf5 Qb7 29.g6 Nf6 30.Rxf6 Bxf6
31.Qh7+ Kf8 32.Bh6+ Ke8 33.Qg8+ Kd7 34.Qxf7+ Kc6 35.Qxf6 Qd7 36.Qf3+ d5 37.Nc4 Qe6
38.Bf4 Qxg6+ 39.Rg3 Qe6 40.Ne5+ Kb7 41.Rg7+ Nd7 42.Re7 Qd6 43.Bg3 Kc8 44.Nf7 Qc5+
45.Kh1 Kb7 46.Nd6+ Ka7 47.c4 a5 48.Qxd5 Qxd5+ 49.cxd5 Ka6 50.Nb5 Nc5 51.Nc7+ Kb7
52.Ne6+ Ka6 53.Nc7+ Kb7 54.Nxa8+ Kxa8 55.d6 Nxa4 56.h4 Nxb2 57.h5 a4 58.h6 a3
59.Be5 Nc4 60.Bf6  1-0

[Event "BL2-W9798"]
[Site "Germany"]
[Date "1998.01.11"]
[Round "?.1"]
[White "Lautier, Joel"]
[Black "Richter, Wolfgang"]
[Result "1-0"]
[WhiteElo "2660"]
[BlackElo "2460"]

1.d4 Nf6 2.c4 c5 3.d5 b5 4.cxb5 a6 5.b6 e6 6.Nc3 exd5 7.Nxd5 Nxd5 8.Qxd5 Nc6
9.Nf3 Rb8 10.e4 Be7 11.Bc4 O-O 12.O-O Rxb6 13.Qh5 d6 14.Ng5 Bxg5 15.Bxg5 Qe8
16.Bf4 Nd4 17.Rae1 Be6 18.Bd3 f6 19.Qh4 Qf7 20.b3 a5 21.Be3 a4 22.Bxd4 g5
23.Qg3 cxd4 24.bxa4 Bc4 25.f4 h6 26.fxg5 hxg5 27.h4 Bxd3 28.Qxd3 gxh4 29.Rf4 Qe6
30.Rxh4 Rb7 31.Qxd4 Qxa2 32.Qxd6 Rg7 33.Qd5+ Qxd5 34.exd5 Rd8 35.Rd4 Rgd7
36.Re6 Kf7 37.Rf4 Rxd5 38.Rexf6+ Kg7 39.R6f5 Rd1+ 40.Kh2 Kg6 41.Rf6+ Kg7
42.Rf1 R1d2 43.R6f2 R2d6 44.Rf7+ Kg6 45.Kg3 Rd2 46.R7f4 R8d3+ 47.R1f3 Rd5
48.Rg4+ Kh5 49.Rg8 R2d4 50.Kf2 Rd2+ 51.Kg1 R2d3 52.Kh2 Kh4 53.Rf7  1-0

[Event "Amber-rapid 7th"]
[Site "Monte Carlo"]
[Date "1998.03.13"]
[Round "1"]
[White "Lautier, Joel"]
[Black "Shirov, Alexei"]
[Result "1/2-1/2"]
[WhiteElo "2645"]
[BlackElo "2710"]

1.e4 e5 2.Nf3 Nc6 3.d4 exd4 4.Nxd4 Bc5 5.Nxc6 Qf6 6.Qd2 dxc6 7.Nc3 Ne7 8.Qf4 Be6
9.Qxf6 gxf6 10.Na4 Bb4+ 11.c3 Bd6 12.Be3 b6 13.f4 Bd7 14.c4 Bb4+ 15.Bd2 Bxd2+
16.Kxd2 O-O-O 17.Nc3 Ng6 18.g3 h5 19.Ke3 h4 20.Be2 f5 21.e5 Rhe8 22.Kf2 c5
23.Nd5 Be6 24.Rad1 c6 25.Nf6 Rh8 26.Rxd8+ Kxd8 27.Rd1+ Kc7 28.Bf3 hxg3+ 29.hxg3 Nf8
30.Ne8+ Kb7 31.Nd6+ Kc7 32.Ne8+ Kb7 33.Rd8 Ng6 34.Kg2 a6 35.a4 a5 36.b3 Rf8
37.Kf2 Rh8 38.Kg1 Rf8 39.Kg2 Rh8 40.Rd6 Ne7 41.Ng7 Rh6 42.Rd8 Kc7 43.Rf8 Kd7
44.Ne8 Nc8 45.Nf6+ Kc7 46.Bh5 Nd6 47.Bf3 Nc8 48.Rg8 Ne7 49.Re8 Ng6 50.Ra8 Kb7
51.Rd8 Kc7 52.Rg8 Ne7 53.Re8 Ng6 54.Ra8 Kb7 55.Rd8 Kc7 56.Rd6 Ne7 57.Ne8+ Kc8
58.Ng7 Kc7 59.Bh5 Nc8 60.Bxf7 Nxd6 61.Nxe6+ Kd7 62.exd6 Rf6 63.Ng5 Rxd6 64.Nf3 Ke7
65.Ne5 Rd2+ 66.Kh3 Rb2 67.Bg6 Rxb3 68.Bxf5 b5 69.Nxc6+ Kf6 70.Nxa5 Rb4 71.axb5 Kxf5
72.Nb7 Kf6 73.Nxc5 Rxc4 74.Na6 Rc1 75.b6 Rb1 76.Nc5 Ke7 77.b7 Kd6 78.Ne4+ Ke7
79.Kg4 Rxb7 80.f5 Rb1 81.Kg5 Re1 82.Nf6 Kf7 83.g4 Re5 84.Nh5 Re8 85.Nf4 Rg8+
86.Ng6 Re8 87.Kf4 Ra8 88.Ne5+ Ke7 89.Kg5 Rg8+ 90.Kf4 Ra8 91.g5 Ra4+ 92.Kg3 Ra1
93.Kg4 Rf1 94.Nc4 Kf7 95.Nd6+ Kg7 96.Ne4 Kf7 97.Ng3 Rg1 98.Kf4 Kg7 99.Nh5+ Kf7
100.Ng3 Kg7 101.Kf3 Kf7 102.Kg4 Kf8 103.Kh4 Kg7 104.Nh5+ Kf7 105.Nf4 Rf1
106.Kg4 Rg1+ 107.Kh4 Rf1 108.Kg4  1/2-1/2

[Event "Amber-blind 7th"]
[Site "Monte Carlo"]
[Date "1998.03.14"]
[Round "2"]
[White "Lautier, Joel"]
[Black "Karpov, Anatoly"]
[Result "1-0"]
[WhiteElo "2645"]
[BlackElo "2735"]

1.e4 c6 2.d4 d5 3.Nc3 dxe4 4.Nxe4 Nd7 5.Ng5 Ngf6 6.Bd3 e6 7.N1f3 Bd6 8.Qe2 h6
9.Ne4 Nxe4 10.Qxe4 Qc7 11.Qg4 Kf8 12.O-O c5 13.Qh4 b6 14.Be4 Bb7 15.Bxb7 Qxb7
16.dxc5 bxc5 17.Rd1 Be7 18.Bg5 Bxg5 19.Nxg5 Nf6 20.b3 Kg8 21.Nf3 Kh7 22.Qc4 Rhc8
23.Ne5 Qc7 24.Qe2 a5 25.a4 Kg8 26.Rd3 Rd8 27.Rad1 Rd5 28.Nc4 Rad8 29.h3 R8d7
30.Qe1 Rxd3 31.Rxd3 Rxd3 32.cxd3 Qb8 33.Nxa5 Nd5 34.Qd2 Qb6 35.g3 g5 36.Qe1 Kg7
37.Qa1+ Kg8 38.Nc4 Qxb3 39.Ne5 f6 40.Nd7 Qxd3 41.Nxc5 Qf3 42.Qb1 Nc3 43.Qe1 e5
44.a5 e4 45.Qe3 Qd1+ 46.Kg2 Qc2 47.Qd4 Kg7 48.Nd7  1-0

[Event "Amber-rapid 7th"]
[Site "Monte Carlo"]
[Date "1998.03.15"]
[Round "3"]
[White "Lautier, Joel"]
[Black "Ljubojevic, Ljubomir"]
[Result "0-1"]
[WhiteElo "2645"]
[BlackElo "2565"]

1.e4 c5 2.c3 e6 3.d4 d5 4.exd5 exd5 5.Nf3 Nc6 6.Bb5 cxd4 7.Nxd4 Bd7 8.O-O Be7
9.Re1 Nf6 10.Qe2 Nxd4 11.cxd4 Bxb5 12.Qxb5+ Qd7 13.Qe2 Rc8 14.Bg5 Rc6 15.Nc3 Re6
16.Qf3 O-O 17.Re5 Bd6 18.Bxf6 Rxf6 19.Qxd5 Qc7 20.Rh5 Re8 21.Rf1 g6 22.Rh4 Rf5
23.Qb3 Qc6 24.Qc2 Qc4 25.g3 b5 26.a3 Bf8 27.d5 Qc5 28.Re4 Rxe4 29.Qxe4 a5
30.g4 Rf6 31.Qe3 Qc8 32.h3 Bc5 33.Qe5 Rf3 34.Kg2 Rd3 35.Ne4 Bd4 36.Nf6+ Kg7
37.Ne8+ Kg8 38.Qe4 Qc2 39.Nd6 Kg7 40.Qf4 f6 41.Ne8+ Kf7 42.Nxf6 Bxf6 43.g5 Qxb2
44.Qc7+ Be7 45.Re1 Qxa3 46.Qf4+ Kg8 47.Qe4 Bxg5 48.Qe6+ Kg7 49.Re5 Bf6 50.Re4 Qc5
51.Qd7+ Kh6 52.Rf4 Bg5 53.Qg4 Qxd5+ 54.Re4 Rd4  0-1

[Event "Amber-blind 7th"]
[Site "Monte Carlo"]
[Date "1998.03.15"]
[Round "3"]
[White "Ljubojevic, Ljubomir"]
[Black "Lautier, Joel"]
[Result "0-1"]
[WhiteElo "2565"]
[BlackElo "2645"]

1.d4 Nf6 2.c4 e6 3.Nf3 b6 4.g3 Ba6 5.Nbd2 Bb7 6.Bg2 c5 7.e4 cxd4 8.O-O d6
9.Nxd4 Qc7 10.b3 a6 11.Bb2 Be7 12.Qe2 O-O 13.Rfc1 Nbd7 14.a4 Rac8 15.a5 bxa5
16.Bc3 Rfe8 17.Bxa5 Qb8 18.Re1 Ne5 19.Bc3 Bd8 20.Nc2 Bb6 21.h3 Nfd7 22.Kh2 d5
23.f4 Nc6 24.cxd5 exd5 25.Bxg7 Ne7 26.Ra2 Kxg7 27.Qg4+ Ng6 28.Qxd7 Rc3 29.Rf1 dxe4
30.Nc4 Bc5 31.Nd4 Rd3 32.Ne5 Rxe5 33.fxe5 Nxe5 34.Rxf7+ Nxf7 35.Qg4+ Kh8
36.Nf5 Qe5 37.Ra5 Rd5 38.Bxe4 Rd2+  0-1